LEADER 01925nam 2200397 a 450 001 9910692543803321 005 20040610140123.0 035 $a(CKB)5470000002354017 035 $a(OCoLC)55628264 035 9 $aocm55628264 035 $a(OCoLC)995470000002354017 035 $a(EXLCZ)995470000002354017 100 $a20040610d2004 ua 0 101 0 $aeng 135 $aurmn|||||| 181 $ctxt$2rdacontent 182 $cc$2rdamedia 183 $acr$2rdacarrier 200 10$aHomeland security$b[electronic resource] $eDHS needs a strategy to use DOE's laboratories for research on nuclear, biological, and chemical detection and response technologies : report to the Chairman, Subcommittee on Emerging Threats and Capabilities, Committee on Armed Services, U.S. Senate 210 1$a[Washington, D.C.] :$cU.S. General Accounting Office,$d[2004] 300 $aTitle from title screen (viewed on June 7, 2004). 300 $a"May 2004." 300 $aPaper version available from: U.S. General Accounting Office, 441 G St., NW, Rm. LM, Washington, D.C. 20548. 300 $a"GAO-04-653." 320 $aIncludes bibliographical references. 330 $aReport examines whether the Department of Homeland Security (DHS) has completed a strategic Research and Development (R&D) plan and coordinated its efforts with other federal agencies, how DHS plans to use Department of Energy's (DOE's) laboratories to carry out its R&D, and what controls DHS is establishing to monitor projects at DOE's laboratories. 517 $aHomeland security 606 $aNational security$zUnited States 615 0$aNational security 712 02$aUnited States.$bCongress.$bSenate.$bCommittee on Armed Services.$bSubcommittee on Emerging Threats and Capabilities. 801 0$bGPO 801 1$bGPO 906 $aBOOK 912 $a9910692543803321 996 $aHomeland Security$91686681 997 $aUNINA